Lady Gaga One Word Songs - Statistics

General Stats
  • This quiz has been taken 94 times
    36 since last reset
  • The average score is 20 of 36
Answer Stats
Album Answer % Correct
MAYHEM Abracadabra
85%
The Fame Monster Monster
76%
Chromatica Alice
73%
ARTPOP ARTPOP
73%
ARTPOP Aura
73%
ARTPOP G.U.Y.
73%
Born This Way Judas
73%
Chromatica 911
70%
ARTPOP Applause
70%
The Fame Monster Teeth
67%
The Fame Monster Alejandro
64%
MAYHEM Disease
64%
Joanne Joanne
64%
The Fame Paparazzi
64%
The Fame Monster Telephone (feat. Beyonce)
61%
Chromatica Babylon
58%
ARTPOP Venus
58%
ARTPOP Gypsy
55%
The Fame LoveGame
55%
Born This Way Americano
52%
Born This Way Hair
52%
MAYHEM LoveDrug
52%
ARTPOP MANiCURE
52%
The Fame Monster Speechless
52%
ARTPOP Dope
48%
MAYHEM Killah (feat. Gesaffelstein)
48%
Chromatica Replay
48%
ARTPOP Swine
48%
MAYHEM Zombieboy
48%
The Fame Summerboy
45%
The Fame Starstruck (feat. Flo Rida & Space Cowboy)
39%
ARTPOP Fashion!
33%
Born This Way Scheiße
33%
Chromatica Enigma
30%
Harlequin Smile
15%
N/A Chillin (with Wale)
3%
No matching quizzes found
Score Distribution
Percent of People with Each Score
Percentile by Number Answered
Your Score History
You have not taken this quiz since the last reset